Mistrzowie ligi belgijskiej od 2010 roku - Statystyki

Ogólne statystyki
  • Ten quiz został rozwiązany 159 razy
  • Średni wynik to 9 z 10
Statystyki odpowiedzi
sezon mistrz % Poprawnych
2011/2012 Anderlecht
96%
2012/2013 Anderlecht
96%
2013/2014 Anderlecht
96%
2016/2017 Anderlecht
96%
2010/2011 Genk
89%
2018/2019 Genk
89%
2015/2016 Club Brugge
87%
2017/2018 Club Brugge
87%
2019/2020 Club Brugge
87%
2014/2015 Gent
86%
Nie znaleziono quizów pasujących do podanych kryteriów
Rozkład punktacji
Procent ludzi z każdym wynikiem
Percentyl według liczby udzielonych odpowiedzi
Twoja historia wyników
Nie rozwiązałeś tego quizu